| 000 | 00387nam a22001457a 4500 | ||
|---|---|---|---|
| 999 |
_c7943 _d7943 |
||
| 003 | OSt | ||
| 005 | 20200609172227.0 | ||
| 008 | 200609b ||||| |||| 00| 0 eng d | ||
| 020 | _a9788415223412 | ||
| 082 |
_a720.470 _bGAR |
||
| 100 | _a Garrido, Luis de | ||
| 245 | _aSustainable Architecture: Green in Green | ||
| 260 |
_aSA _bInstituto Monsa de Ediciones _cJanuary 1, 2011 |
||
| 942 | _2ddc | ||